000 00556nam a2200229Ia 4500
003 OSt
005 20220924135859.0
006 a|||||r|||| 00| 0
007 ta
008 220923b |||||||| |||| 00| 0 ben d
024 _a292927
037 _cTextual
040 _aARTS
_cARTS
_bben
041 _2ben
_aben
082 _aO157,1N09,8, L0
100 _aDe
_9205529
245 0 _aItihashe trajik uttser
260 _c1970
650 _aBENGALI LITERATURE
942 _hO157,1N09,8, L0
_cTEXL
_2CC
999 _c442289
_d442289